01437nam a2200301 i 4500001001000000003000900010005001700019007000300036008004100039040003000080041000700110082002500117100004200142245006700184264004300251300002900294336002700323337003300350338002800383505047400411590002600885650002400911650002600935910000700961942001400968952013600982999001701118000038620DO-SdBNP20250627092511.0ta250627s1993 dr 000 0 spa d aDO-SdBNPbspacBNPHUdrda hsp aRD863.44 bC764f2221 aContreras, Hilma,eautor4aut.96495310aFacetas de la vida :bcuentos y minicuentos /cHilma Contreras aSanto Domingo :bEditora Taller,c1993 a118 páginas. ;c21 cm. ardacontentbtexto2txt ardamediabsin mediación2n ardacarrierbvolumen2nc aJugarreta o revelación 9|La mano maldita 15|Ambición 19|Era un cuento 23|Del sueño a la realidad 27|Un mediodía tórrido de agosto 31|Tarde de playa 35|Un sueño de amor 41|Evasión frustrada 51|Los dos muertos 55|Sin regreso 59|La cicatriz 63|Miedo 67|Tía y sobrino 71|Enajenación 75|Vacas y toros 79|La mujer y el niño 83|Noche de apagón 97|Cuando las coronas caminan 103|Un paro cardíaco deseado 107|Una obra de caridad 111|Al borde del Caos 117 aInventariado, 2025/DG 4aCuentos dominicanos 4aLiteratura dominicana aDG 2ddccLBS1 00102ddc51708PDaBNPHUbBNPHUcCTd2025-06-27edonaciónl0oBNPHU PD RD863.44 C764fp2025-5795r2025-06-27w2025-06-27yLBS1 c59387d59387